000 00712nam a2200193Ii 4500
003 JO-AjNU
008 230605s9999||||xx |||||||||||||| ||und||
040 _aJO-AjNU
_bara
_erda
_cJO-AjNU
041 _aara
050 1 4 _aHF5655.A7.S23 1982
100 3 _aالصحن،عبدالفتاح ,
_eauthor
_913222
245 0 0 _aمبادىء المحاسبة المالية: دراسة وتحليل
264 3 1 _aالاسكندرية: مؤسسة شباب الجامعة، 1982
300 _a618ص
_bيحتوي على ببلوغرافية من ص614-618ص
336 _atext
_btxt
_2rdacontent
337 _aunmediated
_bn
_2rdamedia
338 _avolume
_bnc
_2rdacarrier
650 4 _aالمحاسبة المالية
_913223
999 _aA3235
_c6803
_d6803